000
00235nam a2200097Ia 4500
008
220204s9999 xx 000 0 und d
082
_a
331.5
_b
TOW
245
0
_a
Towards self reliance
260
_a
Delhi
_b
Planning commission
942
_c
BK
999
_c
23205
_d
23205